000 00534cam a22002051i 4500
001 sa 65006863
003 DLC
005 20260227112145.0
008 890514q19001965io c f000 0 ind
010 _asa 65006863
035 _a(OCoLC)23544887
040 _aDLC
_cMiU
_dOAU
_dDLC
042 _apremarc
050 0 0 _aBP186.34
_b.I53
110 1 _aIndonesia.
_bDepartemen Agama.
245 1 0 _aMutiara Maulud.
260 _a[Djakarta :
_bDepartemen Agama,
_c19--?]
300 _av. :
_bports. ;
_c21 cm.
650 0 _aMawlid al-Nabī.
999 _c64910
_d64910